Nutrition, immunity, and infection / (Record no. 614548)

000 -LEADER
fixed length control field 02488cam a2200457 i 4500
001 - CONTROL NUMBER
control field 19590056
005 - DATE AND TIME OF LATEST TRANSACTION
control field 20250821143059.0
008 - FIXED-LENGTH DATA ELEMENTS--GENERAL INFORMATION
fixed length control field 170407s2018 flu b 000 0 eng
010 ## - LIBRARY OF CONGRESS CONTROL NUMBER
LC control number 2017017013
020 ## - INTERNATIONAL STANDARD BOOK NUMBER
International Standard Book Number 9781032096254
Qualifying information paperback
020 ## - INTERNATIONAL STANDARD BOOK NUMBER
International Standard Book Number 9781482253979
Qualifying information hardback : alk. paper
020 ## - INTERNATIONAL STANDARD BOOK NUMBER
International Standard Book Number 1482253976
Qualifying information hardback : alk. paper
035 ## - SYSTEM CONTROL NUMBER
System control number 19590056
035 ## - SYSTEM CONTROL NUMBER
System control number (DNLM)101703697
040 ## - CATALOGING SOURCE
Original cataloging agency DNLM/DLC
Language of cataloging eng
Transcribing agency DLC
Description conventions rda
Modifying agency DLC
042 ## - AUTHENTICATION CODE
Authentication code pcc
050 00 - LIBRARY OF CONGRESS CALL NUMBER
Classification number QR181
Item number .N88 2018
060 10 - NATIONAL LIBRARY OF MEDICINE CALL NUMBER
Classification number QU 145
082 00 - DEWEY DECIMAL CLASSIFICATION NUMBER
Classification number 616.079
Author Mark NUT
130 0# - MAIN ENTRY--UNIFORM TITLE
Uniform title Nutrition, immunity, and infection (Calder)
9 (RLIN) 130382
245 10 - TITLE STATEMENT
Title Nutrition, immunity, and infection /
Statement of responsibility, etc. edited by Philip C. Calder and Anil D. Kulkarni.
264 #1 - PRODUCTION, PUBLICATION, DISTRIBUTION, MANUFACTURE, AND COPYRIGHT NOTICE
Place of production, publication, distribution, manufacture Boca Raton :
Name of producer, publisher, distributor, manufacturer CRC Press, Taylor & Francis Group,
Date of production, publication, distribution, manufacture, or copyright notice 2021
300 ## - PHYSICAL DESCRIPTION
Extent xviii, 528 pages :
Other physical details illustrations (some color) ;
Dimensions 27 cm
336 ## - CONTENT TYPE
Content type term text
Source rdacontent
337 ## - MEDIA TYPE
Media type term unmediated
Source rdamedia
338 ## - CARRIER TYPE
Carrier type term volume
Source rdacarrier
504 ## - BIBLIOGRAPHY, ETC. NOTE
Bibliography, etc. note Includes bibliographical references.
520 ## - SUMMARY, ETC.
Summary, etc. This comprehensive volume explores how diet and specific nutrients affect immune function and resistance to infections, integrating foundational immunology with nutritional science across the life course—from infancy to aging. It addresses the dual impact of undernutrition and overnutrition, examines the roles of vitamins, minerals, fatty acids, and probiotics in immune regulation, and considers the effects of obesity, malnutrition, HIV, and environmental stressors. Drawing on molecular studies, clinical trials, and translational research, the book provides a global perspective with contributions from leading experts in nutrition, immunology, and public health, offering valuable insights for nutrition scientists, dietitians, health practitioners, and students.
546 ## - LANGUAGE NOTE
Language note In English
650 12 - SUBJECT ADDED ENTRY--TOPICAL TERM
Topical term or geographic name entry element Nutritional Physiological Phenomena
General subdivision immunology
9 (RLIN) 130383
650 12 - SUBJECT ADDED ENTRY--TOPICAL TERM
Topical term or geographic name entry element Immune System
General subdivision physiology
9 (RLIN) 130384
650 22 - SUBJECT ADDED ENTRY--TOPICAL TERM
Topical term or geographic name entry element Nutrition Disorders
General subdivision immunology
9 (RLIN) 130385
650 22 - SUBJECT ADDED ENTRY--TOPICAL TERM
Topical term or geographic name entry element Immunity
General subdivision physiology
9 (RLIN) 130386
650 22 - SUBJECT ADDED ENTRY--TOPICAL TERM
Topical term or geographic name entry element Infection
General subdivision immunology
9 (RLIN) 130387
700 1# - ADDED ENTRY--PERSONAL NAME
Personal name Calder, Philip C.,
Relator term editor.
9 (RLIN) 130318
700 1# - ADDED ENTRY--PERSONAL NAME
Personal name Kulkarni, Anil D.
Fuller form of name (Anil Digambar),
Relator term editor.
9 (RLIN) 130388
906 ## - LOCAL DATA ELEMENT F, LDF (RLIN)
a 7
b cbc
c orignew
d 1
e ecip
f 20
g y-gencatlg
942 ## - ADDED ENTRY ELEMENTS (KOHA)
Source of classification or shelving scheme
Koha item type Book
Holdings
Withdrawn status Lost status Source of classification or shelving scheme Damaged status Not for loan Permanent Location Current Location Shelving location Date acquired Source of acquisition Cost, normal purchase price Total Checkouts Full call number Barcode Date last seen Date last checked out Copy number Cost, replacement price Price effective from Koha item type
          NUST School of Health Sciences (NSHS) NUST School of Health Sciences (NSHS) General Stacks 08/08/2025 Allied Book Company 16429.00 1 616.079 NUT NSHS-2120 03/09/2026 08/25/2025 c.1 32858.00 08/08/2025 Book
          NUST School of Health Sciences (NSHS) NUST School of Health Sciences (NSHS) General Stacks 08/08/2025 Allied Book Company 16429.00   616.079 NUT NSHS-2121 08/21/2025   c.2 32858.00 08/08/2025 Book
© 2023 Central Library, National University of Sciences and Technology. All Rights Reserved.